| Tag |
First Indicator |
Second Indicator |
Subfields |
| LEADER |
00000cam a22000001 4500 |
| 001 |
in00002012276 |
| 005 |
20151031155613.0 |
| 008 |
790302m18901898gw 000 0 ger |
| 010 |
|
|
|a 11000041
|
| 019 |
|
|
|a 6800465
|a 24618849
|
| 035 |
|
|
|a (OCoLC)ocm05147839
|
| 040 |
|
|
|a DLC
|c DLC
|d OCLCQ
|d UtOrBLW
|
| 043 |
|
|
|a e-gx---
|
| 049 |
|
|
|a TXAM
|
| 050 |
0 |
0 |
|a MT95
|b .N41
|
| 090 |
|
|
|a MT95
|b .N45
|
| 100 |
1 |
|
|a Neitzel, Otto,
|d 1852-1920.
|
| 245 |
1 |
4 |
|a Der führer durch die oper des theaters der gegenwart, text, musik und scene erläuternd /
|c Von Otto Neitzel ...
|
| 264 |
|
1 |
|a Leipzig :
|b A.G. Liebeskind,
|c 1890-98.
|
| 300 |
|
|
|a 3 volumes ;
|c 20 cm.
|
| 336 |
|
|
|a text
|b txt
|2 rdacontent
|
| 337 |
|
|
|a unmediated
|b n
|2 rdamedia
|
| 338 |
|
|
|a volume
|b nc
|2 rdacarrier
|
| 505 |
0 |
|
|a I. bd. , 1.-3. abth. Deutsche opern.
|
| 536 |
|
|
|a From the Howard Mayer Brown, Edward Downes and Mary Schieffelin Book Collections, October 2004.
|
| 650 |
|
0 |
|a Opera
|z Germany.
|
| 650 |
|
0 |
|a Operas
|v Stories, plots, etc.
|
| 948 |
|
|
|a cataloged
|b cmulkey
|c 2005/1/5
|d 9:46:36 am
|
| 994 |
|
|
|a C0
|b TXA
|
| 999 |
|
|
|a MARS
|
| 999 |
f |
f |
|s 36d386d2-32ff-3aed-8d76-651ffcfb4e0d
|i 20352621-dac6-362d-a00f-725330bacc96
|t 0
|
| 952 |
f |
f |
|p ric
|a Texas A&M University
|b Rellis Campus
|c Joint Library Facility
|d Remote Storage
|t 0
|e MT95 .N45
|h Library of Congress classification
|i unmediated -- volume
|k Bd.1:Abt.1
|m A14831719972
|
| 952 |
f |
f |
|p ric
|a Texas A&M University
|b Rellis Campus
|c Joint Library Facility
|d Remote Storage
|t 0
|e MT95 .N45
|h Library of Congress classification
|i unmediated -- volume
|k Bd.1:Abt.2
|m A14831719980
|
| 952 |
f |
f |
|p ric
|a Texas A&M University
|b Rellis Campus
|c Joint Library Facility
|d Remote Storage
|t 0
|e MT95 .N45
|h Library of Congress classification
|i unmediated -- volume
|k Bd.1:Abt.3
|m A14831719998
|
| 998 |
f |
f |
|a MT95 .N45
|s Bd.1:Abt.1-3
|t 0
|l Remote Storage
|